[Event "21st Hogeschool Zeeland 2017"]
[Site "Vlissingen"]
[Date "2017.08.09"]
[Round "6"]
[White "Vedder, Henk"]
[Black "Ernst, Sipke"]
[Result "*"]
[WhiteElo "2340"]
[BlackElo "2553"]
[Annotator "Reeh,Oliver"]
[PlyCount "58"]
[EventDate "2017.??.??"]

1. d4 (1. e4 c5 (1... e5 2. f4 exf4 3. Nc3 Qh4+ 4. Ke2 Qd8 (4... d5 5. Nxd5 Bg4+ 6. Nf3 Nc6 7. Nxc7+ Kd8 8. Nxa8 Ne5) 5. d4 Nf6 6. Bxf4 Bb4) 2. Nf3 Nc6 3. d4 cxd4 4. Nxd4 Nf6 5. Nc3 d6 6. Bg5 Bd7 7. Qd2 Rc8 8. O-O-O Nxd4 9. Qxd4 Qa5 {[%csl Re4][%cal Rd4h4]} 10. Bd2 e5 11. Qd3) (1. Nc3 c5 2. d4) (1. Nf3) 1... Nf6 2. Nc3 c5 (2... d5 3. Bg5 {[%cal Rd1d3,Re1c1]}) 3. Nf3 (3. d5) 3... cxd4 4. Qxd4 Nc6 {[%csl Rd4][%cal Rd4a4]} 5. Qh4 {[%cal Rh4d8]} d6 (5... d5 6. Bg5 Qa5 7. O-O-O Be6 8. Bd2 g6 9. e4 d4 10. e5 Ng4 11. Nxd4 Nxd4 12. h3 Bg7 13. hxg4 Bxe5 {0-1 (44) Morozevich,A (2748)-Kasparov,G (2851) Frankfurt 2000}) 6. Bg5 Be6 (6... Ng4 7. h3 Nge5 8. O-O-O {0-1 (39) Herbold,M (2129)-Naiditsch,A (2576) Deizisau 2004} (8. Nxe5 Nxe5 9. O-O-O)) (6... e6 7. O-O-O Be7) 7. Nd4 Bd7 (7... Nxd4 8. Qxd4 Qa5 9. Bd2 Rc8 10. e4) 8. O-O-O Rc8 9. e4 {[%csl Rd2,Rh4]} Nxd4 (9... h6 10. Bxf6 gxf6) 10. Rxd4 Qa5 {[%csl Ra2,Rc3][%cal Rc8c3]} 11. Rc4 Bc6 (11... Rxc4 12. Bxc4) 12. Bxf6 (12. Nd5 Qe1#) (12. Kb1 b5 $4 (12... Nxe4 13. Nxe4 Qe1+ 14. Bc1) (12... e6 13. Bxf6 gxf6 14. Qxf6 Rg8) 13. Rxc6 Rxc6 14. Bxb5 $18) 12... gxf6 13. f4 {[%cal Rf8g7,Rf6f5,Rg7c3]} a6 {[%cal Rb7b5,Rc3e2,Re2d4,Re3f4]} 14. a3 (14. Kb1 b5 15. Rd4 b4 16. Nd5 Bb5) 14... f5 {[%csl Rh4][%cal Rf8g7,Rg7b2]} 15. Qh5 {[%csl Rf7][%cal Rh5a5,Rh5f7]} (15. Qg5 {[%cal Rf8g7]}) 15... Bg7 16. e5 {[%csl Rf5]} (16. Qxf5 {[%csl Rc8][%cal Rf5c8]} Qxf5 17. exf5 b5 {[%csl Rc6,Rg7]} 18. Rb4 {[%cal Rh7h5,Rh5h4,Rh4h3]} (18. Nxb5 axb5 19. Rxc6 Rxc6 20. Bxb5 Kd7 {[%csl Ra3,Rb2]}) 18... a5 19. Rb3 a4 20. Rb4 Bxc3 21. bxc3 Rb8 22. c4) 16... dxe5 (16... d5 17. Rd4 e6 {[%cal Rg7f8,Rf8a3]}) 17. Qxf5 e6 (17... O-O 18. Bd3 {[%csl Rh7]}) 18. Qg5 (18. Qg4 O-O 19. f5 exf5 (19... Bd5 20. f6) (19... h5 20. Qxh5 e4 {[%cal Ra5h5,Rh5a5,Ra5e1]}) 20. Qxf5 {[%cal Rc4g4]}) 18... O-O 19. Bd3 h6 20. Qh5 b5 21. Rb4 {[%cal Rb4h4]} f5 {[%cal Re5e4,Rd3h7]} (21... e4 22. Nxe4) 22. fxe5 Qb6 {[%csl Rb4,Rd1][%cal Rb6e3,Ra6a5,Rg2g4]} 23. Re1 (23. Qg6 Be8 {[%cal Rg2g4]} 24. Nd5 (24. Qg3 a5 25. Rh4 b4 26. axb4 axb4 27. Nb1 Qc5 (27... b3)) 24... Qc6 (24... Bxg6 25. Nxb6 Rc7 {[%csl Rb6]} 26. a4 {[%csl Re5]}) 25. Ne7+) 23... a5 24. Rf4 b4 25. axb4 axb4 26. Nb1 Rfd8 {[%cal Rd8d3,Rc6f3]} 27. Bc4 Bd5 28. Qh4 Qc7 {[%csl Rc2]} 29. b3 Bxe5 *

[Event "21st Hogeschool Zeeland 2017"]
[Site "Vlissingen"]
[Date "2017.08.09"]
[Round "6"]
[White "Van den Berg, Bram"]
[Black "Ten Hertog, Hugo"]
[Result "0-1"]
[WhiteElo "2257"]
[BlackElo "2466"]
[Annotator "TA"]
[PlyCount "48"]
[EventDate "2017.??.??"]
[SourceTitle "playchess.com"]
[Source "ChessBase"]
[SourceQuality "1"]

{[%evp 11,48,51,50,0,50,35,41,42,47,16,6,-79,-67,-124,-88,-136,-100,-336,-327,-351,-167,-179,-162,-298,-303,-302,-301,-364,-374,-374,-375,-366,-368,-399,-388,-625,-568,-1233,-747]} 1. e4 g6 2. d4 Bg7 3. c4 d6 4. Nc3 Nf6 5. Be2 O-O 6. Be3 Nbd7 7. g4 {[%cal Bg2g4,Bg4g5][%mdl 32] E73: King's Indian: Averbakh Variation without 6...c5} (7. h4 h5 8. Qd2 a6 9. f4 c5 10. e5 cxd4 11. Bxd4 dxe5 12. fxe5 Ng4 13. Bxg4 hxg4 14. Qe3 Qa5 15. c5 {0-1 (34) Ghaem Maghami,E (2574)-Naiditsch,A (2687) Doha 2016}) 7... a6 8. g5 Ne8 9. h4 $146 {White is slightly better.} ({Predecessor:} 9. f4 e5 10. dxe5 dxe5 11. f5 f6 12. Nf3 fxg5 13. Nxg5 Qe7 14. Nd5 Qd6 15. Ne6 Rf7 16. c5 Qc6 17. Nd8 {1-0 (17) Kiriushin,V (2172)-Shcheblykin,S Krasnodar 2004}) 9... c5 10. d5 b5 11. cxb5 (11. h5 $11 {remains equal.}) 11... axb5 $17 12. Bxb5 ({Better is} 12. Nxb5 $15 Bxb2 13. Rb1) 12... Qa5 13. a4 Nc7 14. Rb1 $2 {[#]} (14. Bxd7 $17 {keeps fighting.} Bxd7 15. Nge2) 14... Nxb5 $19 15. axb5 Ne5 (15... Bxc3+ $142 16. bxc3 Qxc3+ 17. Bd2 Qd4) 16. Kf1 Bg4 $36 {[%mdl 2048] Black is in control.} 17. f3 (17. Qb3 $142) 17... Bh5 18. Kg2 f5 19. Rh3 fxe4 20. Nxe4 Qxb5 21. Qc2 Rab8 22. Nd2 Qa6 23. Kg3 $2 {[#]} (23. b4 Rxb4 24. Rxb4 cxb4 25. Qe4) 23... Rb4 24. Rh2 Qc8 {Precision: White =  9%, Black = 73%.} 0-1

[Event "21st Hogeschool Zeeland 2017"]
[Site "Vlissingen"]
[Date "2017.08.09"]
[Round "6"]
[White "Boel, Marcel"]
[Black "Admiraal, Miguoel"]
[Result "0-1"]
[WhiteElo "2212"]
[BlackElo "2447"]
[Annotator "TA"]
[PlyCount "38"]
[EventDate "2017.??.??"]
[SourceTitle "playchess.com"]
[Source "ChessBase"]
[SourceQuality "1"]

{[%evp 17,38,15,14,19,22,14,26,0,0,0,0,-12,4,-30,-20,-47,-39,-27,-25,-47,-55,-394,-386]} 1. e4 c6 2. d4 d5 3. e5 c5 4. dxc5 Nc6 5. Nf3 Bg4 6. c3 {B12: Caro-Kann: Advance Variation} e6 7. Be3 (7. b4 a6 8. Nbd2 Nxe5 9. Qa4+ Nd7 10. Ne5 Ngf6 11. c4 a5 12. Nb3 axb4 13. Qb5 Be7 {0-1 (53) Topalov,V (2760)-Nakamura,H (2779) London 2016}) 7... a6 8. Nbd2 Nxe5 9. Be2 Nc6 {LiveBook: 3 Games} 10. h3 Bh5 11. O-O $146 ({Predecessor:} 11. Qa4 Nf6 12. g4 Bg6 13. Ne5 Nd7 14. Nxc6 bxc6 {½-½ (31) Aupi Royo,R (2171)-Perez Gutierrez,J (2248) ICCF email 2013}) 11... Nf6 12. Qa4 Be7 13. g4 Bg6 14. Ne5 Qc8 (14... Qc7 $5 {[%cal Rc7e5]} 15. Bf4 Qc8 $11) 15. Ndf3 Nd7 16. Nxd7 Qxd7 17. Rad1 O-O 18. c4 Rad8 19. b4 $2 {[%mdl 8192] [#]} (19. cxd5 $15 exd5 20. Rd2) 19... Nd4 $1 {[%mdl 512] Precision: White = 44%, Black = 88%.} 0-1

[Event "21st Hogeschool Zeeland 2017"]
[Site "Vlissingen"]
[Date "2017.08.09"]
[Round "6"]
[White "Muehlenhaus, Sven"]
[Black "Maatman, Nick"]
[Result "1/2-1/2"]
[WhiteElo "2199"]
[BlackElo "2386"]
[Annotator "TA"]
[PlyCount "87"]
[EventDate "2017.??.??"]
[SourceTitle "playchess.com"]
[Source "ChessBase"]
[SourceQuality "1"]

{[%evp 27,87,27,18,11,15,15,15,15,16,14,25,0,29,45,105,98,106,64,88,71,91,95,87,87,79,0,0,0,10,0,89,82,72,40,43,46,52,25,65,66,72,67,122,127,130,0,122,82,356,349,349,0,0,0,0,0,0,0,0,0,26,26]} 1. d4 Nf6 2. c4 g6 3. Nc3 Bg7 4. e4 d6 5. Be2 O-O 6. Nf3 e5 7. O-O Nc6 8. d5 Ne7 9. Bg5 h6 10. Bxf6 Bxf6 11. b4 Bg7 12. c5 f5 13. Nd2 fxe4 14. Ndxe4 {E97: King's Indian: Classical Main Line (6...e5 7 0-0 Nc6): 8 Be3 and 8 d5 Ne7, not 9 Ne1} Nf5 {LiveBook: 13 Games} 15. Qd3 $146 ({Find the theoretical novelty and annotate with similar games:} 15. Bg4 Rf7 16. a4 dxc5 17. bxc5 b6 18. Rb1 Nd4 19. Bxc8 Rxc8 20. Qg4 Kh7 21. Qh3 Rf5 {½-½ (42) Rapport,J (2337)-Bodnaruk,A (2414) Athens 2012}) 15... Nd4 16. cxd6 {The position is equal.} cxd6 17. Nb5 Nxb5 18. Qxb5 a6 19. Qa5 b6 20. Qa3 Bb7 (20... Bf5 $14 21. f3 b5) 21. Rfd1 $16 Rf4 22. f3 b5 23. Qe3 Bf8 24. a4 bxa4 25. Rxa4 Rf7 26. b5 (26. h3 $16) 26... axb5 $11 27. Bxb5 Rxa4 28. Bxa4 Qa5 (28... Kg7 $11) 29. Be8 $36 {[%mdl 2048] White is on the roll.} Rc7 30. Bxg6 {Strongly threatening f4.} (30. Qd3 $5 {[%cal Re4f6]} Kh8 31. Bxg6 $16) 30... Kg7 $1 {[%cal Rg7g6]} 31. Bf5 Bxd5 32. Qf2 Bb3 33. Qg3+ $1 Kh8 {[#]} 34. Qg6 $1 Qa8 ({Black should try} 34... Qa7+ $14 35. Kh1 Rc4) 35. Qf6+ Bg7 36. Qg6 {[%csl Gf5][%cal Rg6h7]} Bf8 $1 37. Be6 {[%csl Ge6][%cal Rg6g8]} Rg7 $2 {[%mdl 8192] [#]} (37... Qa7+ $16 {was necessary.} 38. Kh1 Bxe6 39. Qf6+ (39. Qxe6 Qa4 $16) 39... Bg7 40. Qxe6 Qd4) 38. Qxh6+ $18 Rh7 39. Qxh7+ $2 (39. Qf6+ $18 Bg7 40. Qe7) 39... Kxh7 $11 40. Bxb3 Qa3 41. Be6 Be7 42. Kf2 Kg7 43. g3 Qb2+ 44. Rd2 {Precision: White = 61%, Black = 38%.} 1/2-1/2